Stemmi Squadre di calcio - UEFA - Quiz n°2 - Statistics

Statistiche generali
  • Questo quiz è stato fatto 612 volte
  • Il punteggio medio è 9 su 10
Statistiche sulle risposte
con Immagini Risposta % Corretto
Venezia Football Club
100%
Girona Futbol Club
96%
Real Sociedad de Fútbol
96%
Pisa Sporting Club
94%
Sport Lisboa e Benfica
92%
Sporting Clube de Braga
89%
Leeds United Football Club
82%
Football Club Sochaux-Montbéliard
80%
Athletic Club Sparta Praha fotbal
75%
Futbol'nyj Klub Lokomotiv Moskva
69%
Nessun quiz corrispondente trovato
Distribuzione punteggi
Percentuale di utenti per punteggio
Percentile per numero di risposta
I tuoi punteggi nel tempo
Non hai fatto questo quiz